000 01536cam a2200361 a 4500
001 2088300
003 OSt
005 20140310181622.0
008 950614s1995 flu 001 0 eng
010 _a 95032259
020 _a1558743545 (trade paper)
020 _a1558743634 (hard cover)
040 _aDLC
_cDLC
_dDLC
050 0 0 _aBL 624
_b.C457 1995
082 _aHS 158
_bC43cb 1995
100 _aCanfield, Jack
_99821
245 0 0 _aChicken soup for the soul cookbook :
_b101 stories with recipes from the heart /
_c[compiled by] Jack Canfield, Mark Victor Hansen, and Diana von Welanetz Wentworth.
260 _aDeerfield Beach, Fla. :
_bHealth Communications,
_cc1995.
300 _axx, 456 p. ;
_c24 cm.
650 0 _aSpiritual life.
_910028
650 0 _aCooking.
_910029
655 0 _aCookbooks.
_910030
700 1 _aCanfield, Jack,
_d1944-
_910031
700 1 _aHansen, Mark Victor.
_93985
700 1 _aVon Welanetz Wentworth, Diana,
_d1941-
_910032
856 4 2 _3Publisher description
_uhttp://www.loc.gov/catdir/enhancements/fy0727/95032259-d.html
856 4 1 _3Sample text
_uhttp://www.loc.gov/catdir/enhancements/fy0727/95032259-s.html
856 4 2 _3Contributor biographical information
_uhttp://www.loc.gov/catdir/enhancements/fy0735/95032259-b.html
906 _a7
_bcbc
_corignew
_d1
_eocip
_f19
_gy-gencatlg
942 _2lcc
_cHS
999 _c171
_d171